Movies Quiz

Random Movies or Popular Quiz
Score 0/99 Timer 14:00
0 Plays Today
Genre - Actor Answers (alphabetical) Enter 1st word % Correct
*SciFi - M HamillEmpire Strikes Back, The
91.1%
Adventure - M HamillReturn of the Jedi
91.1%
SciFi - M HamillStar Wars
91.1%
SciFi - W ShatnerStar Trek II-Wrath..Khan
90.2%
SciFi-Horr - L HenriksenAliens
87.2%
SciFi-Horror - S WeaverAlien
87.1%
*Drama - A PacinoGodfather II, The
85.1%
*Drama - M BrandoGodfather, The
85.1%
Adv-franchise- H FordIndiana Jones… (any)
84.3%
Adventure - H FordRaiders of the Lost Ark
84.3%
Sport-Dram - S StalloneRocky
82.4%
Sport-Dram - S StalloneRocky IV
82.4%
Action - B WillisDie Hard
82.1%
SciFi - SchwarzenegTerminator 2: Judg...Day
81.3%
*SciFi - SchwarzeneggerTerminator, The
81.3%
Fant-franchise- RadcliffeHarry Potter (any)
81.3%
War - T HanksSaving Private Ryan
81.2%
Musical - J TravoltaGrease
81.1%
Romance - P SwayzeDirty Dancing
80.8%
*Spy-franchise- DamonBourne… (any)
80.6%
*Western - EastwoodGood the Bad…the Ugly, The
80.3%
Epic - M GibsonBraveheart
78.1%
Drama - G PeckTo Kill A Mockingbird
77.7%
*SciFi-Crime - H LedgerDark Knight, The
76.8%
Spy-franchise- ConneryJames Bond (any)
76.7%
Action - U ThurmanKill Bill: Vol. 1,2
76.5%
*Horror - J NicholsonShining, The
76.3%
*SciFi - K ReevesMatrix, The
75.5%
Epic-Rom - L DiCaprioTitanic
75.5%
SciFi-franchise- M FoxBack to the Future (any)
75.4%
Epic - R CroweGladiator
75.3%
*Mus-Fam - J AndrewsSound of Music, The
73.7%
Drama - H BogartCasablanca
73.5%
Genre - Actor Answers (alphabetical) Enter 1st word % Correct
*Fant-franchise-E.WoodLord of the Rings, The (any)
72.5%
Rom-Com - J RobertsPretty Woman
71.9%
*Comedy - J BridgesBig Lebowski, The
71.6%
Epic - C GableGone With the Wind
70.7%
Comedy - M BroderickFerris Bueller's Day Off
69.8%
Crime - J PesciGoodfellas
69.8%
*Fant-Mus - J GarlandWizard of Oz, The
69.7%
Thriller - J GoldblumJurassic Park
69.3%
*Com-Mus - J BelushiBlues Brothers, The
68.5%
Musical - G KellySingin' In the Rain
67.3%
Comedy - J BelushiAnimal House (Nat. Lamp.)
66.1%
Com-West - G WilderBlazing Saddles
65.4%
Epic-Rom - T HanksForrest Gump
65.2%
Comedy - B MurrayGroundhog Day
64.6%
Sport-Fant - K CostnerField of Dreams
63.8%
SciFi - H FordBlade Runner
63.7%
Comedy - M RingwaldSixteen Candles
62.9%
Comedy - L NielsenAirplane!
62.6%
Comedy - W FerrellAnchorman-Ron Burgundy
62.2%
Crime - F McDormandFargo
62%
Com - R WitherspoonLegally Blonde
61.9%
Drama - O WellesCitizen Kane
61.4%
*Drama - M FreemanShawshank Redemption, The
60.5%
Adventure - N CageNational Treasure (I)
60%
Comedy - B MurrayGhostbusters
58.8%
Sports-Com - C ChaseCaddyshack
58.7%
Crime - S JacksonPulp Fiction
58.6%
Fantasy-Mus - G WilderWilly Wonka …
58.2%
Holiday-Fant - J StewartIt's a Wonderful Life
58.1%
SciFi - C HestonPlanet of the Apes
57.4%
*Crime - K SpaceyUsual Suspects, The
56.3%
Comedy - S PeggShaun of the Dead
56%
*Adv-Comedy - C ElwesPrincess Bride, The
55.6%
Genre - Actor Answers (alphabetical) Enter 1st word % Correct
Suspense - R ScheiderJaws
54.7%
Comedy-Adv - J CleeseMonty Python...Grail
54.6%
Sports - D WashingtonRemember the Titans
54.5%
Crime - A PacinoScarface
52.5%
*Dramedy - E EstevezBreakfast Club, The
52.2%
*War - S McQueenGreat Escape, The
51.2%
Action - T CruiseTop Gun
50.5%
*Holiday - BillingsleyChristmas Story, A
49.6%
Action-SciFi - W SmithIndependence Day
48.7%
*SciFi - B WillisFifth Element, The
48.3%
Action - P SwayzeRoad House
48%
Comedy - G WilderYoung Frankenstein
47.7%
Comedy - K SmithClerks
46.8%
Comedy - C ChaseVacation (Nat. Lampoon)
46.6%
Action-SchwarzeneggerPredator
45.9%
Comedy - O WilsonWedding Crashers
45.7%
Crime - R De NiroCasino
45.3%
Thriller - C GrantNorth by Northwest
44.7%
*Dram-Spor - R RedfordNatural, The
43.4%
(#) SciFi - K Dullea2001: A Space Odyssey
42.9%
Western - V KilmerTombstone
42.2%
War - M ModineFull Metal Jacket
41.5%
Comedy - J CarreyDumb and Dumber
40.7%
*Drama - J NicholsonFew Good Men, A
39.5%
Drama - B PittFight Club
36.6%
Comedy - E MurphyComing to America
36.4%
SciFi-Com - A RickmanGalaxy Quest
35.4%
Adv-Dram - W WheatonStand By Me
33.2%
Docudrama - T HanksApollo 13
33%
*Drama - T HanksGreen Mile, The
29%
Comedy - B MurrayStripes
28.8%
Comedy - R LivingstonOffice Space
28.7%
*Thriller - S ConneryHunt for Red October, The
21%
Remove Ads.
Support Sporcle.
Get the best of Sporcle when you Go Orange. This ad-free experience offers more features, more stats, and more fun while also helping to support Sporcle. Thank you for becoming a member.

You're not logged in!

Compare scores with friends on all Sporcle quizzes.
OR
Log In

Sporcle TV

Today on Sporcle TV


Watch our educational content, quiz creation guides, and fun videos on Sporcle TV.

Show Comments

Extras

Top Quizzes Today


Score Distribution

Paid Content

Your Account Isn't Verified!

In order to create a playlist on Sporcle, you need to verify the email address you used during registration. Go to your Sporcle Settings to finish the process.

Report this User

Report this user for behavior that violates our Community Guidelines.

Details: